|
|
|
|
| LEADER |
00000nam0a2200000 4500 |
| 001 |
337855 |
| 005 |
20231102005007.0 |
| 035 |
|
|
|a (RuTPU)RU\TPU\book\364343
|
| 090 |
|
|
|a 337855
|
| 100 |
|
|
|a 20171114d1931 k y0rusy50 ca
|
| 101 |
0 |
|
|a eng
|
| 102 |
|
|
|a RU
|
| 105 |
|
|
|a a z 000zy
|
| 200 |
1 |
|
|a Геологическое строение района курорта Шамшови (бассейн Чанчахи) и Центральном Кавказе
|f И. Г. Кузнецов
|g СССР, Всесоюзное геологоразведочное объединение ; Центральный научно-исследовательский геологоразведочный институт (ЦНИГРИ), Сектор геологической карты
|
| 210 |
|
|
|a Москва
|a Ленинград
|c Геологическое изд-во
|d 1931
|
| 215 |
|
|
|a 26 с.
|c ил.
|e Прилож.: 1 карта, 2 табл.
|
| 225 |
1 |
|
|a Труды Всесоюзного геолого-разведочного объединения
|v Вып. 151
|
| 606 |
1 |
|
|a Геология
|y Кавказ
|2 stltpush
|3 (RuTPU)RU\TPU\subj\72077
|9 85665
|
| 610 |
1 |
|
|a геологическое строение
|
| 610 |
1 |
|
|a осадочные структуры
|
| 610 |
1 |
|
|a возраст
|
| 610 |
1 |
|
|a андезиты
|
| 610 |
1 |
|
|a четвертичные отложения
|
| 610 |
1 |
|
|a библиотека М. А. Усова
|
| 675 |
|
|
|a 55(479)
|v 4
|
| 700 |
|
1 |
|a Кузнецов
|b И. Г.
|
| 712 |
0 |
1 |
|a СССР
|b Всесоюзное геологоразведочное объединение
|c (1931-1933)
|2 stltpush
|3 (RuTPU)RU\TPU\col\18435
|9 27031
|
| 712 |
0 |
2 |
|a Центральный научно-исследовательский геологоразведочный институт (ЦНИГРИ)
|b Сектор геологической карты
|c (Ленинград)
|c (1931-1939)
|2 stltpush
|3 (RuTPU)RU\TPU\col\18472
|
| 801 |
|
1 |
|a RU
|b 63413507
|c 20171114
|
| 801 |
|
2 |
|a RU
|b 63413507
|c 20200901
|g RCR
|
| 942 |
|
|
|c BK
|